000 00326nam a2200133 i 4500
001 bg
100 1 _aZIEMBIŃSKI, Zygmunt
245 0 _aProblemy podstawowe prawoznawstwa /
_cZygmunt Ziembiński.
260 _aWarszawa,
_c1980.
040 _cBPK
041 _apol
942 _cKS
008 s pl f |000 0 pol
999 _c19332
_d19332
856 _uhttp://koha.tu.koszalin.pl/cgi-bin/koha/opac-detail.pl?biblionumber=19332
_yKatalog online BPK